000
00287nam a22001337a 4500
008
170203b xxu||||| |||| 00| 0 eng d
020
_a
9780309051408
041
_a
eng
080
_a
61
100
_a
3
101
_a
SHM
245
_a
ENVIRONMENTAL MEDICINE
_c
RALL, D.P
942
_2
udc
_c
BK
999
_c
4491
_d
4491